Регионална библиотека "Любен Каравелов" - Русе

Документални записи из речи, изказвания и доклади (Запис номер 529650)

MARC детайли
000 -Лидер
Лидер 03604njm a2200313 c 4500
003 - Код на организацията, давaща контролен номер
Код на организацията, даваща контролен номер BLK
005 - Дата и час на последна редакция
Дата и час на последна редакция 20250321093849.0
007 - Фиксирано поле за физическо описани
Физическо описание sd ammalaaahaa
008 - Елементи от данни с фиксирана дължина
Елементи с фиксирана дължина 180413b bul||n|| |||||||| n|bulo|
028 ## - PUBLISHER NUMBER
Издателски номер BAA 865
040 ## - Източник на каталожния запис
Код на библиотеката BLK
041 ## - Код за език
Език на записа Български
Език за КДБФ Български
080 ## - УДК
УДК текст Комунистически партии. Вж и 327.323
УДК код 329.15
УДК – определител (086.7)
УДК – код + определител 329.15(086.7)
100 ## - Редна дума - Автор
R(LIN) 363948
Автор Живков, Тодор Иванов
Авторска отговорност първи автор
245 ## - Сведения за заглавието
Заглавие Документални записи из речи, изказвания и доклади
Авторска отговорност Тодор Живков
260 ## - Област на издателските данни
Място на издаване София
Име на издателя Балкантон
Година на издаване 1981
9 (RLIN) 210374
300 ## - Физическа характеристика
Брой страници 1 грамофонна плоча
Илюстрации 33 об/мин, двустранна, стерео
Размер 30 см
380 ## - Жанр
Жанр Обществени науки
500 ## - Общи забележки
Обща забележка I страна<br/>Реч при закриването на Десетия конгрес на БКП — 1.03<br/>25 април 1971 година.<br/>Приветствена реч на тържественото заседание на Софийския градски комитет на БКП и СГНС в зала "Универсияда"<br/>по случай 80-годишнината на Столичната партийна организация — 2.25<br/>27 декември 1971 година.<br/>Реч в отговор на приветствията, произнесени на вечеря в чест на 60-годишнината на другаря Тодор Живков — 10.49<br/>7 септември 1971 година.<br/>Реч при закриването на Осми конгрес на БКП —2.43<br/>14 ноември 1962 година<br/>Реч произнесена в Москва пред Международното съвещание на комунустическите и работническите партии — 2.57<br/>10 юни 1969 година.<br/>Реч на Общоевропейското съвещание за сигурност и сътрудничество в Хелзинги — 3.37<br/>30 юли 1975 година.<br/>
500 ## - Общи забележки
Обща забележка II страна<br/>Слово пред тържественото заседание на Народното събрание в зала "Универсиада" за провъзласяване на новата Конституция на Народна република България — 4.32<br/>18 май 1971 година.<br/>Реч пред Осмия пленум на ЦК на ДКМС — 10.52<br/>29 октомври 1969 година.<br/>Реч на тържествения митинг край язовир "Студена" по случай Седмицата на гората и залесяването на 10-милионния декар — 2.32<br/>28 април 1969 година<br/>Из Отчетния доклад на Централния комитет на Българската комунистическа партия пред Дванадесетия конгрес на БКП — 4.40<br/>31 март 1981 година.<br/>Слово при откриване на Дома-паметник на връх Бузлуджа — 3.00<br/>23 август 1981 година.<br/><br/>Записите са взети от "Златния фонд" на Българското Радио<br/>
653 ## - Ключова дума – ненормативна
9 (RLIN) 492013
Ключови думи политически дейци
653 ## - Ключова дума – ненормативна
9 (RLIN) 195537
Ключови думи речи
852 ## - Местоположение
Сигнатура (форматна) Ф ІІ 5095
856 4# - Електронен адрес и достъп
Електронен формат pdf - файл
Път до файла (ресурса)
Инструкция (цена за достъп) 0.00
Права за достъп disable
856 4# - Електронен адрес и достъп
Електронен формат pdf - файл
Път до файла (ресурса)
Инструкция (цена за достъп) 0.00
Права за достъп disable
942 ## - АРТИКУЛИ
Вид на библиотечния документ Грамофонни плочи
Скрит в OPAC Не
944 ## - СЪЗДАВАНЕ И РЕДАКЦИЯ на ЗАПИСА
Дата на регистрацията/редакция Вася Ганчева
Служител, извършил регистрацията/редакцията 30549
Статус, дата на статуса Вася Ганчева
Създаване/Редакция
944 ## - СЪЗДАВАНЕ И РЕДАКЦИЯ на ЗАПИСА
Създаване/Редакция Редакция
Дата на регистрацията/редакция 26.01.2004
999 ## - СИСТЕМНИ КОНТРОЛНИ НОМЕРА
Koha biblionumber 529650
Koha biblioitemnumber 529650
Наличности
Код за отписване Код за изгубен артикул Източник на класификационната схема Код за повреда Код за отдаване Артикулен № Име на библиотеката - собственик Име на библиотеката, в която се намира в момента Статус (Текущо местоположение) Дата на вписване в системата Местоположение - отдел Цена в лева Инвентарен номер Систематично азбучна сигнатура Баркод Цена в евро Служебен тип на артикула
  Не е изгубен Universal Decimal Classification Не е повреден ползва се в читалня 964501 Регионална библиотека "Любен Каравелов" Русе Регионална библиотека "Любен Каравелов" Русе Хранилище 2025-03-21 Хранилище 2.30 11867 Ф ІІ 5095 900000116269 1.18 Грамофонни плочи
Vip Innovations Ltd, Rousse, Bulgaria 2025